| 000 | 01106nam a2200301 i 4500 | ||
|---|---|---|---|
| 001 | 12997 | ||
| 003 | ES-MaACL | ||
| 005 | 20230906150450.0 | ||
| 007 | t| | ||
| 008 | 901121s1989 sp ||||0| spa j | ||
| 016 | 7 | _zSAB9000096419 | |
| 020 | _a84-87137-02-4 | ||
| 040 |
_aM-BN-DP _bspa _cM-BN-DP |
||
| 080 | _a929 Millares Carlo, Agustín | ||
| 080 | _a012 Millares Carlo, Agustín | ||
| 100 | 1 |
_aMoreiro González, José Antonio. _983231 |
|
| 245 | 1 | 0 |
_aAgustín Millares Carlo, el hombre y el sabio / _cJosé Antonio Moreiro González. |
| 260 |
_a[Santa Cruz de Tenerife] : _bViceconsejería de Cultura y Deportes, _c1989. |
||
| 300 |
_a493 p. ; _c21 cm. |
||
| 490 | 1 |
_aColección Clavijo y Fajardo ; _v5 |
|
| 504 | _aBibliografía: p. 465-493. | ||
| 600 | 1 | 4 |
_aMillares Carlo, Agustín, _d1893-1980 _981176 |
| 600 | 1 | 4 |
_aMillares Carlo, Agustín, _d1893-1980- _vBibliografías _981177 |
| 710 | 1 |
_aCanarias. _bViceconsejería de Cultura y Deportes. _92427 |
|
| 830 | 0 |
_aColección Clavijo y Fajardo ; _v5 _9179401 |
|
| 852 |
_aES-MaACL _jL-20315 _bR.123599 |
||
| 999 |
_c12997 _d12997 |
||